00604 2200217 4500001002100000005001700021008004100038035002400079082001500103090002100118100001500139245005100154260007000205300002100275650002800296700001400324990001200338990001200350990001200362990001200374YOGYA-0512000000023220120506195221.0 ind  0010-051200000000232 a899.211161 a899.211161 Kas A aKASIM, ABU aAmrunacoleh Abu Kasim ; penerjemah, L.K. Ara. aJakartabProyek Penerbitan Buku Sastra Indonesia dan Daerahc1982 a112 hlm.c21 cm. aKesusastraan Gayo-puisi aAra, L.K. a62343-a a62343-a a62341-A a62345-A